000 00434pam a2200157 a 4500
020 _a81-85198-02-0
_c
040 _aTEZU_784025
041 _aeng
082 _a530.12
_bPOW
100 _aPowell,John L
_eAuthor
245 _aQuantum mechanics
_cby John L.Powell and Bernd Crasemann
_hTextual Documents
260 _aNew Delhi
_bNarosa Publishing
_c1995
300 _ax,508p;24cm
700 _aCrasemann,Bernd,
_eAuthor.
930 _a7994
999 _c84903
_d84903